000 01464cam a2200385 a 4500
001 10392229
003 ARRUPE
005 20150312020005.0
008 121108s2013 mdua b 001 0 eng d
020 _a0761860576 (pbk. : alk. paper)
020 _a9780761860570 (pbk. : alk. paper)
024 _a99954509249
035 _a(OCoLC)ocn816563951
035 _a(OCoLC)816563951
035 _a(NNC)10392229
040 _aYDXCP
_cYDXCP
_dBTCTA
_dOCLCQ
_dBDX
_dBWX
_dHLS
_dNGU
_dNhCcYBP
043 _af-gh---
_af-iv---
050 4 _aBL2480.A4
_bE64 2013
082 0 4 _a299.6/83385
_223
100 1 _aEphirim-Donkor, Anthony.
_915013
245 1 0 _aAfrican religion defined :
_ba systematic study of ancestor worship among the Akan /
_cAnthony Ephirim-Donkor.
250 _a2nd ed.
260 _aLanham, Md. :
_bUniversity Press of America,
_cc2013.
300 _ax, 208 p. :
_bill. ;
_c23 cm.
504 _aIncludes bibliographical references (p. [203]-204) and index.
505 0 _aCosmology -- Ancestor worship -- Witchcraft -- Sacrifices -- Living ancestors -- The ancestors' stool.
650 0 _aAkan (African people)
_xReligion.
_914949
650 0 _aAncestor worship
_zGhana.
_915014
650 0 _aAncestor worship
_zCôte d'Ivoire.
_915015
651 0 _aGhana
_xReligious life and customs.
_915016
651 0 _aCôte d'Ivoire
_xReligious life and customs.
_915017
942 _2lcc
_cMONOGRAPH
_02
948 1 _a20130807
_bc
_cdk2679
_dMPS
999 _c122013
_d122013